| 000 | 00840nam a2200241 i 4500 | ||
|---|---|---|---|
| 001 | bg | ||
| 245 | 0 | 0 |
_aBadania marketingowe : _bmetody nowe technologie obszary aplikacji / _cred. nauk. Krystyna Mazurek-Łopacińska ; aut. Krystyna Mazurek-Łopacińska [et al.]. |
| 260 |
_aWarszawa : _bPolskie Wydawnictwo Ekonomiczne, _c2008. |
||
| 300 |
_a458 s. : _bil. ; _c24 cm. |
||
| 504 | _aBibliogr. przy pracach. Indeks. | ||
| 546 | _aSpis treści także ang. Streszcz. ang. przy pracach. | ||
| 650 | 9 |
_aMarketing _xmetody |
|
| 655 | _aPodręczniki akademickie | ||
| 700 | 1 |
_aMazurek-Łopacińska, Krystyna _d(1951- ). _eRed. |
|
| 020 | _a9788320817775 | ||
| 040 | _cBPK | ||
| 041 | 0 |
_apol _beng |
|
| 044 | _aPOL | ||
| 080 | _a339.138(075.8) | ||
| 920 | _a978-83-208-1777-5 | ||
| 942 | _cKS | ||
| 008 | 090812s2008 pl a |001 0 pol | ||
| 999 |
_c56680 _d56680 |
||
| 856 |
_uhttp://koha.tu.koszalin.pl/cgi-bin/koha/opac-detail.pl?biblionumber=56680 _yKatalog online BPK |
||